000
00223 a2200097 4500
001
32591
100
_a
Hersh, S M
245
_a
Kissinger (The prince of power)
260
_a
London
_b
Faber & Faber
_c
090
_c
21807
_d
21807
942
_a
NUST-CAE
_c
M
_c
13122
999
_c
267664
_d
267664